000 00556cam a2200217 4500
001 J3699
008 090401t1995 xxu||||| |||| 00| 0 eng d
035 _a(Sirsi) u56544
041 _aeng
050 _a333.3370942142
110 _aStrutt & Parker
_92509
245 _aHolborn core office space survey. - Winter 1995
260 _aLondon
_bStrutt & Parker
_c1995
300 _a(4)p. ; 30cm.
350 _a0
650 _aFLOORSPACE STATISTICS
650 _aOFFICES
690 _aPROPERTY-COMMERCIAL PROPERTY
942 _n0
948 _c04/03/1997
999 _c93806
_d93806